Las fuentes del poder social : el desarrollo de las clases y los estados nacionales, 1760-1914 /

El autor elabora en cuatro tomos, una historia y una teoría de las relaciones de poder en las sociedades humanas. Parte de la premisa de que las sociedades están constituidas por múltiples redes socioespaciales de poder que se superponen e interceptan. Destaca cuatro fuentes sociales de poder: las r...

Celý popis

Uloženo v:
Podrobná bibliografie
Hlavní autor: Mann, Michael (autor)
Médium: Kniha
Jazyk:španělština
Vydáno: Madrid, España : Alianza, 1997, c1997
Edice:(Alianza Universidad ; 881)
Témata:
Tagy: Přidat tag
Žádné tagy, Buďte první, kdo vytvoří štítek k tomuto záznamu!

MARC

LEADER 00000nam^a2200000^a^4500
001 000136804
005 20250521000000.0
009 20260310095333.073
020 |a 84-206-2958-8 
020 |a 84-206-2881-6 
037 |a Acervo ITESO - Biblioteca 
041 |a ESP 
082 |a 306. 2  |b MAN V. 2 
100 |a Mann, Michael  |e (autor) 
240 1 5 |a [Las fuentes del poder social] 
245 1 4 |a Las fuentes del poder social :  |b el desarrollo de las clases y los estados nacionales, 1760-1914 /  |c M. Mann ; tr. por Pepa Linares. 
264 4 |a Madrid, España :  |b Alianza,  |c 1997, c1997 
300 |a 1069 p. 
336 |a texto  |b txt  |2 rdacontenido 
337 |a sin mediación  |b n  |2 rdamedio 
338 |a volumen  |b nc  |2 rdasoporte 
440 1 |a (Alianza Universidad ;  |v 881) 
500 |a Traducción de: The Sources of Social Power. Volume II. 
520 |a El autor elabora en cuatro tomos, una historia y una teoría de las relaciones de poder en las sociedades humanas. Parte de la premisa de que las sociedades están constituidas por múltiples redes socioespaciales de poder que se superponen e interceptan. Destaca cuatro fuentes sociales de poder: las relaciones ideológicas, económicas, militares y políticas que interactúan socialmente a modo de planos superpuestos y que, al ser organizaciones, medios institucionales para alcanzar objetivos humanos, tienen la ventaja de depender sólo de los medios de organización que posea cada una para alcanzar esos objetivos. Este volumen aborda el período que va desde 1760 d.C. hasta 1914, es decir, desde la Revolución Industrial hasta el inicio de la Primera Guerra Mundial. El autor se refiere a los 5 países occidentales en punta de lanza de poder de entonces: Francia, Gran Bretaña, Austria de los Habsburgo, Prusia-Alemania y los Estados Unidos. 
649 |a XX 
650 |a Poder (Ciencias Sociales) -  |x Historia 
650 |a Sociedad -  |x Historia 
650 |a Revolución Industrial 
650 |a Obreros 
650 |a Clase Baja 
650 |a Clase Media 
650 |a Burguesía 
650 |a Clases Sociales 
650 |a Lucha de Clases 
650 |a Estado, El -  |z Europa -  |x Historia 
650 |a Sociedad Industrial 
650 |a Estado, El 
650 |a Geopolítica -  |z Europa 
650 |a Inglaterra -  |x Historia -  |y Siglo XVIII 
650 |a Inglaterra -  |x Historia -  |y Siglo XIX 
650 |a Inglaterra -  |x Historia -  |y Siglo XX 
650 |a Francia -  |x Historia -  |y Siglo XVIII 
650 |a Francia -  |x Historia -  |y Siglo XIX 
650 |a Francia -  |x Historia -  |y Siglo XX 
650 |a Alemania -  |x Historia -  |y Siglo XVIII 
650 |a Alemania -  |x Historia -  |y Siglo XIX 
650 |a Alemania -  |x Historia -  |y Siglo XX 
650 |a Austria -  |x Historia -  |y Siglo XVIII 
650 |a Austria -  |x Historia -  |y Siglo XIX 
650 |a Austria -  |x Historia -  |y Siglo XX 
650 |a EUA -  |x Historia -  |y Siglo XVIII 
650 |a EUA -  |x Historia -  |y Siglo XIX 
650 |a EUA -  |x Historia -  |y Siglo XX 
650 |a Sociología Política 
910 |a Fondo General 
920 |a Impresos - Libros 
930 |a Colección General 
905 |a 101 
901 |a 0500065514  |b IT1  |c ACC  |u 20250521 
901 |a 0500065517  |b IT1  |c ACC  |u 20250521 
902 |a https://opac.biblio.iteso.mx/vufind/Record/000136804